Arquitectura [fotocopia] /
Guardado en:
| Formato: | Libro |
|---|---|
| Publicado: |
:
, 0
|
| Materias: | |
| Etiquetas: |
Agregar Etiqueta
Sin Etiquetas, Sea el primero en etiquetar este registro!
|
| LEADER | 00398nam a22001575a 4500 | ||
|---|---|---|---|
| 001 | CEM.cems008242 | ||
| 005 | 20060214000000.0 | ||
| 008 | 130507b######################000#0#####d | ||
| 003 | CEMS | ||
| 082 | 0 | 4 | |a DEPOSITO |
| 245 | 0 | 0 | |a Arquitectura [fotocopia] / |
| 260 | |a : |b , 0 | ||
| 653 | |a Fc | ||
| 653 | |a Arquitectura | ||
| 653 | |a Deposito | ||
| 859 | |a CEMS |b BIB. CEMS - 11 de abril |h DEPOSITO |i F378/2 |p 766.44 |t Ej.1 | ||
